Pedagogía general y filosofía de la educación /

Guardado en:
Autor Principal: Redden, John D.
Otros Autores: Ryan, Francis A.
Formato: Libro
Publicado: Madrid : Morata, 1967
Materias:
Etiquetas: Agregar Etiqueta
Sin Etiquetas, Sea el primero en etiquetar este registro!
LEADER 00564nam a22002055a 4500
001 CEM.cems005328
005 20060220000000.0
008 130507s1967##################000#0#####d
003 CEMS
082 0 4 |a 370 
100 1 |a Redden, John D. 
245 1 0 |a Pedagogía general y filosofía de la educación / 
260 |a Madrid :  |b Morata,  |c 1967 
300 |a 519 p. 
653 |a Educacion 
653 |a Educacion-fines 
653 |a Filosofia de la educacion 
653 |a Pedagogia 
700 1 |a Ryan, Francis A. 
859 |a CEMS  |b BIB. CEMS - 11 de abril  |h 370  |i R245  |p 445.73  |t Ej.1